000
00326nam a2200157Ia 4500
008
240830s1913 xx 000 0 und d
041
_a
mar
082
_a
1
100
_a
KALOKHE
245
_a
ASHKTATA
250
_a
1
260
_a
SANGALI
_b
N.D.
_c
1913
300
_a
100p
906
_a
ASHKTATA
999
_c
1183902
_d
1183902